[Event "19th Asia-ch (w)"]
[Site "Al-Ain UAE"]
[Date "2015.08.10"]
[Round "9.19"]
[White "Hakimifard, Ghazal"]
[Black "Nouman, Amna"]
[Result "1-0"]
[WhiteElo "2219"]
[BlackElo "1935"]
[EventDate "2015.08.02"]
[PlyCount "61"]

1.e4 e5 2.Nf3 Nc6 3.Bb5 Nge7 4.Nc3 a6 5.Ba4 g6 6.d4 exd4 7.Nd5 Bg7 8.Bg5 
b5 9.Bb3 h6 10.Bf6 Bxf6 11.Nxf6+ Kf8 12.Nxd4 Nf5 13.Nxc6 Qxf6 14.exf5 dxc6
15.fxg6 fxg6 16.O-O Kg7 17.Qd2 a5 18.a4 b4 19.Rad1 Rf8 20.Rfe1 g5 21.Qe3 
Kh8 22.Qc5 Bf5 23.Re7 Rad8 24.Rde1 Rd2 25.Re8 Rd8 26.Rxd8 Rxd8 27.Qxa5 Qe7
28.Kf1 Qf6 29.Qxc7 Rf8 30.Qe5 Kg7 31.a5 1-0

[Event "19th Asia-ch (w)"]
[Site "Al-Ain UAE"]
[Date "2015.08.10"]
[Round "9.20"]
[White "Asgarizadeh, Minoo"]
[Black "Khalaji, Hanieh"]
[Result "0-1"]
[WhiteElo "2180"]
[BlackElo "1965"]
[EventDate "2015.08.02"]
[PlyCount "64"]

1.e4 c6 2.d4 d5 3.Nd2 dxe4 4.Nxe4 Nf6 5.Nxf6+ exf6 6.c3 Bd6 7.Bd3 O-O 8.
Ne2 Qc7 9.Qc2 g6 10.h4 Be6 11.h5 f5 12.Bh6 Re8 13.O-O-O Bf8 14.Bxf8 Rxf8 
15.g4 Bd5 16.gxf5 Bxh1 17.Rxh1 g5 18.f6 Qd6 19.f4 Qxf6 20.fxg5 Qxg5+ 21.
Kb1 Qh6 22.Ng3 Kh8 23.Nf5 Qg5 24.Nd6 Qd5 25.Qh2 b5 26.Rg1 Nd7 27.Qf4 Qxh5 
28.Bf5 Rg8 29.Rf1 Rad8 30.Bxd7 Qg6+ 31.Bf5 Qxd6 32.Rh1 Rg1+ 0-1

[Event "19th Asia-ch (w)"]
[Site "Al-Ain UAE"]
[Date "2015.08.10"]
[Round "9.21"]
[White "Hong Xing"]
[Black "Al-Rufei, Eman Hassane"]
[Result "1/2-1/2"]
[WhiteElo "1882"]
[BlackElo "2088"]
[EventDate "2015.08.02"]
[PlyCount "65"]

1.e4 e5 2.Nf3 Nc6 3.Nc3 Nf6 4.d4 exd4 5.Nxd4 Bc5 6.Nxc6 bxc6 7.Bd3 d6 8.
Bg5 h6 9.Bh4 O-O 10.O-O Re8 11.Na4 Bb6 12.Nxb6 axb6 13.f4 Qe7 14.Qf3 Bb7 
15.Rfe1 c5 16.Qf2 Qe6 17.e5 Nh7 18.f5 Qd5 19.Be4 Qxe4 20.Rxe4 Bxe4 21.f6 
g5 22.Bg3 dxe5 23.Re1 Bg6 24.Rxe5 Rxe5 25.Bxe5 Rxa2 26.Qf3 Nf8 27.Bxc7 Ne6
28.Be5 Bxc2 29.Qc6 Bg6 30.Qxb6 Ra1+ 31.Kf2 Rc1 32.Qa7 Rc4 33.Bc3 1/2-1/2

[Event "19th Asia-ch (w)"]
[Site "Al-Ain UAE"]
[Date "2015.08.10"]
[Round "9.22"]
[White "Otgonjargal, Sengeravdan"]
[Black "Al-Attar, Ghaya"]
[Result "1-0"]
[WhiteElo "2213"]
[BlackElo "1913"]
[EventDate "2015.08.02"]
[PlyCount "52"]

1.e4 e5 2.d4 exd4 3.Qxd4 Nc6 4.Qe3 d6 5.Bd2 Nf6 6.Nc3 Be6 7.Qg3 a6 8.f4 b5
9.Bd3 Nb4 10.a3 Nxd3+ 11.cxd3 c5 12.Nf3 Qb6 13.O-O Be7 14.Kh1 O-O 15.f5 
Bb3 16.Bh6 Ne8 17.Nd2 d5 18.Bxg7 Nxg7 19.Nxb3 f6 20.Nxd5 Qd8 21.Qg4 Bd6 
22.Rf3 Ra7 23.Rh3 Kh8 24.d4 cxd4 25.Nxd4 Qe8 26.Qh4 Nh5 1-0

[Event "19th Asia-ch (w)"]
[Site "Al-Ain UAE"]
[Date "2015.08.10"]
[Round "9.23"]
[White "Al-Harmoudi, Mona"]
[Black "Hj Azahari, Siti Nur Fatimah"]
[Result "1/2-1/2"]
[WhiteElo "1745"]
[BlackElo "2073"]
[EventDate "2015.08.02"]
[PlyCount "89"]

1.d4 Nf6 2.c4 c5 3.d5 b5 4.cxb5 a6 5.bxa6 g6 6.Nc3 Bxa6 7.e4 Bxf1 8.Kxf1 
d6 9.Nf3 Bg7 10.g3 O-O 11.Kg2 Nbd7 12.Re1 Qa5 13.Bd2 Rfb8 14.b3 Ne8 15.Na4
Qa6 16.Rc1 Nc7 17.Ng5 Ne5 18.Re3 h6 19.Nh3 Nd3 20.Rc4 Ne5 21.Rc2 Nb5 22.f4
Nd7 23.Qg4 Na3 24.Rc1 Nf6 25.Qd1 Nd7 26.Bc3 Bxc3 27.Rcxc3 Nb5 28.Rc4 Nb6 
29.Nxb6 Rxb6 30.Ra4 Qb7 31.Rxa8+ Qxa8 32.Qd2 Nd4 33.Nf2 Ra6 34.a4 Rb6 35.
f5 gxf5 36.exf5 Qxd5+ 37.Kf1 Qxf5 38.Rxe7 Qf6 39.Re8+ Kg7 40.Qd1 Rxb3 41.
Qg4+ Qg6 42.Qc8 Rb1+ 43.Kg2 Qh7 44.Qg4+ Qg6 45.Qc8 1/2-1/2

[Event "19th Asia-ch (w)"]
[Site "Al-Ain UAE"]
[Date "2015.08.10"]
[Round "9.24"]
[White "Al-Shaibi, Boshra"]
[Black "Alymbay, Kyzy Aizhan"]
[Result "1/2-1/2"]
[WhiteElo "1987"]
[BlackElo "1903"]
[EventDate "2015.08.02"]
[PlyCount "52"]

1.d4 Nf6 2.c4 e6 3.Nf3 d5 4.e3 c5 5.a3 a6 6.dxc5 Bxc5 7.b4 Be7 8.Nbd2 O-O 
9.Bb2 dxc4 10.Bxc4 b5 11.Ba2 Bb7 12.O-O Nc6 13.Qe2 Qb6 14.Nd4 Nxd4 15.Bxd4
Qc6 16.f4 Rac8 17.Nb3 Qc2 18.Qxc2 Rxc2 19.Rf2 Rfc8 20.Bb1 Rxf2 21.Kxf2 
Ne4+ 22.Bxe4 Bxe4 23.Nc5 Bxc5 24.Bxc5 Rd8 25.Bd4 Rc8 26.Bc5 Rd8 1/2-1/2

[Event "19th Asia-ch (w)"]
[Site "Al-Ain UAE"]
[Date "2015.08.10"]
[Round "9.25"]
[White "Asil, Odeh"]
[Black "Mir Mahmoud, Afamia"]
[Result "0-1"]
[WhiteElo "1588"]
[BlackElo "1949"]
[EventDate "2015.08.02"]
[PlyCount "102"]

1.e4 d6 2.d4 Nf6 3.Nc3 g6 4.Nf3 Bg7 5.Bc4 O-O 6.O-O c6 7.h3 b5 8.Bd3 Nbd7 
9.Bg5 h6 10.Be3 e5 11.dxe5 dxe5 12.Qd2 Kh7 13.a3 Qe7 14.Rad1 Rd8 15.b4 a6 
16.Ne2 Bb7 17.Ng3 c5 18.c3 Rac8 19.Rfe1 Qe6 20.Qb2 Ne8 21.Bg5 f6 22.Be3 
Nd6 23.Nd2 c4 24.Bc2 Nf7 25.Nf3 Nf8 26.a4 Qc6 27.a5 Ne6 28.Bb6 Rd7 29.Qc1 
Nf4 30.Be3 Nd3 31.Bxd3 cxd3 32.Bd2 Nd6 33.Qb1 Nc4 34.Bc1 Rcd8 35.Nd2 f5 
36.f3 f4 37.Nh1 Ne3 38.Nf1 Nxd1 39.Rxd1 Qxc3 40.Bd2 Qd4+ 41.Nf2 Bf6 42.Be1
Bh4 43.Nd2 Rc8 44.Nb3 Bxf2+ 45.Bxf2 Qxb4 46.Rxd3 Rcd8 47.Rxd7+ Rxd7 48.Qb2
Bc6 49.Qc2 Qc4 50.Qb2 Rd1+ 51.Kh2 Qf1 0-1

[Event "19th Asia-ch (w)"]
[Site "Al-Ain UAE"]
[Date "2015.08.10"]
[Round "9.26"]
[White "Antonova, Nadezhda"]
[Black "Al-Zarouni, Kholoud Essa"]
[Result "1-0"]
[WhiteElo "2011"]
[BlackElo "1840"]
[EventDate "2015.08.02"]
[PlyCount "115"]

1.d4 Nf6 2.Nf3 e6 3.e3 c5 4.Bd3 d5 5.b3 Nbd7 6.Bb2 Be7 7.Nbd2 O-O 8.O-O 
cxd4 9.exd4 b6 10.Ne5 Bb7 11.Qe2 Nxe5 12.dxe5 Nd7 13.c3 a5 14.f4 g6 15.
Rae1 Nc5 16.Bb1 Ba6 17.c4 dxc4 18.Nxc4 b5 19.Rd1 Qc7 20.Ne3 b4 21.Nc4 Rfd8
22.Rc1 a4 23.Rf3 a3 24.Ba1 Qd7 25.Rff1 Qa7 26.Kh1 Rd7 27.Qg4 Bxc4 28.Rxc4 
Nd3 29.Bxd3 Rxd3 30.f5 exf5 31.Rxf5 Qe3 32.Rf1 h5 33.Rc8+ Rxc8 34.Qxc8+ 
Rd8 35.Qc4 Rf8 36.h3 Qc5 37.Qf4 Qd5 38.Bd4 Bc5 39.Bxc5 Qxc5 40.Rc1 Qd5 41.
Qxb4 Qxe5 42.Qxa3 Qe3 43.Qc5 Qxc5 44.Rxc5 Ra8 45.a4 Ra7 46.Rb5 Kf8 47.Kg1 
Ke7 48.Kf2 Kd6 49.a5 Rc7 50.Kf3 Rc3+ 51.Kf4 Rc2 52.g4 hxg4 53.hxg4 Ra2 54.
b4 Kc6 55.Rb6+ Kc7 56.Rf6 Rb2 57.Rxf7+ Kd8 58.Rb7 1-0

[Event "19th Asia-ch (w)"]
[Site "Al-Ain UAE"]
[Date "2015.08.10"]
[Round "9.27"]
[White "Al-Gildah, Nibal"]
[Black "Al-Dhaffari, Salma"]
[Result "0-1"]
[WhiteElo "1920"]
[BlackElo "1655"]
[EventDate "2015.08.02"]
[PlyCount "54"]

1.d4 Nf6 2.Nf3 e6 3.Bg5 Be7 4.Nbd2 c5 5.c3 cxd4 6.Nxd4 e5 7.N4b3 d5 8.e3 
Bf5 9.Be2 O-O 10.Nf3 Nc6 11.O-O Re8 12.h3 Ne4 13.Bxe7 Rxe7 14.Bd3 Qd7 15.
Qc2 Bxh3 16.gxh3 Qxh3 17.Bxe4 dxe4 18.Qxe4 Re6 19.Ng5 Rg6 20.f4 Qg3+ 21.
Qg2 Qxe3+ 22.Kh2 exf4 23.Rae1 Qg3+ 24.Qxg3 fxg3+ 25.Kxg3 Rxg5+ 26.Kh2 Kf8 
27.Rf2 Ne5 0-1

[Event "19th Asia-ch (w)"]
[Site "Al-Ain UAE"]
[Date "2015.08.10"]
[Round "9.28"]
[White "Faqih, Asil"]
[Black "Ezizova, Bagul"]
[Result "0-1"]
[WhiteElo "1599"]
[BlackElo "1518"]
[EventDate "2015.08.02"]
[PlyCount "50"]

1.d4 c6 2.c4 d5 3.Nc3 Nf6 4.e3 e6 5.Nf3 Be7 6.Bd3 O-O 7.O-O Nbd7 8.Qc2 h6 
9.Re1 Qc7 10.e4 dxe4 11.Nxe4 c5 12.d5 exd5 13.Nxf6+ Nxf6 14.cxd5 Nxd5 15.
a3 Bd7 16.Ne5 Bd6 17.Nxd7 Qxd7 18.Be3 Rfe8 19.Bxc5 Nf4 20.Qd2 Nxd3 21.Qxd3
Bxh2+ 22.Kxh2 Qxd3 23.Rad1 Qg6 24.Rxe8+ Rxe8 25.Bxa7 Qh5+ 0-1